000 00276nam a22001217a 4500
040 _cHS
082 _a633
100 _aសុក គន្ធី
245 _aRice post-harvest technology.
260 _aJapan
_bសុក គន្ធី
_c1995
300 _a558p.
942 _cEK
999 _c8701
_d8701